| 000 | 00000nam##2200000za#4500 |
| 001 | 9.648185 |
| 003 | CaOODSP |
| 005 | 20210615112952 |
| 007 | ta |
| 008 | 150407|2001||||xxc||||| f|0| 0 eng|d |
| 020 | |a0-662-30526-4 |
| 040 | |aCaOODSP|beng |
| 043 | |an-cn--- |
| 086 | 1 |aV32-88/2001E |
| 110 | 1 |aCanada. |bVeterans Affairs Canada. |
| 245 | 10|aJason and the homefront / |cby Shelley Fiset; illustrated by Renate Fournier-Sullivan. |
| 260 | |aOttawa - Ontario : |bVeterans Affairs Canada |c2001. |
| 300 | |a23p. : |bcoloured illus. ; |c28 cm. |
| 520 | 3 |aThis story by Shelly Fiset aims to help children understand the importance of the wartime service of earlier generations of Canadians. Illustrated by Renate Fournier Sullivan, the story is about a boy named Jason, who learns from his grandmother about Canadians supporting war efforts on the "homefront". She also tells Jason about the contributions of women to the war effort, both at home and abroad. The story was written to help commemorate Veterans' Week, during November 2001, and has been read to more than 100,000 children at public readings. |
| 563 | |aSoftcover |
| 590 | |a02-33|b2002-08-16 |
| 690 | 07|aVeterans|2gcpds |
| 690 | 07|aWar|2gcpds |
| 775 | 08|tJason et l'effort de guerre / |w(CaOODSP)9.681564 |